Teorías Sobre el Subdesarrollo /

Este libro analiza las interpretaciones más difundidas sobre el subdesarrollo: económicas, racistas, demográficas, religiosas, etc. Crítica algunos de los experimentos político-económicos a través de los cuales se ha pretendido resolver el problema, como la Alianza para el Progreso, y señala el vací...

Πλήρης περιγραφή

Αποθηκεύτηκε σε:
Λεπτομέρειες βιβλιογραφικής εγγραφής
Κύριος συγγραφέας: Báez, René (autor)
Μορφή: Βιβλίο
Γλώσσα:Ισπανικά
Έκδοση: México : Diógenes, 1989
Έκδοση:3a edición
Θέματα:
Ετικέτες: Προσθήκη ετικέτας
Δεν υπάρχουν, Καταχωρήστε ετικέτα πρώτοι!

MARC

LEADER 00000nam^a2200000^a^4500
001 000024961
005 20250521000000.0
009 20260310084634.443
020 |a 968-895-120-X 
037 |a Acervo ITESO - Biblioteca 
041 |a ESP 
082 |a 301. 7  |b BAE 
100 |a Báez, René  |e (autor) 
245 1 0 |a Teorías Sobre el Subdesarrollo /  |c R. Báez. 
250 |a 3a edición 
264 1 |a México :  |b Diógenes,  |c 1989 
300 |a 107 p. 
336 |a texto  |b txt  |2 rdacontenido 
337 |a sin mediación  |b n  |2 rdamedio 
338 |a volumen  |b nc  |2 rdasoporte 
520 |a Este libro analiza las interpretaciones más difundidas sobre el subdesarrollo: económicas, racistas, demográficas, religiosas, etc. Crítica algunos de los experimentos político-económicos a través de los cuales se ha pretendido resolver el problema, como la Alianza para el Progreso, y señala el vacío teórico dentro del pensamiento de izquierda, que todavía no ha elaborado una teoría válida para el análisis del subdesarrollo. 
649 |a XX 
650 |a Sociología 
650 |a Subdesarrollo -  |x Teoría 
910 |a Fondo General 
920 |a Impresos - Libros 
930 |a Colección General 
905 |a 101 
901 |a 0249610100  |b IT1  |c ACC  |i 024961  |u 20250521 
902 |a https://opac.biblio.iteso.mx/vufind/Record/000024961